000 00346nam a2200145Ia 4500
008 150201s2009 xx 000 0 und d
082 _a616.5
_bP09I
100 _aINAMDAR,ARUN C
245 _aTB OF PEDIATRIC DERMATOLOGY
250 _a1ST
260 _bJAYPEE BROTHERS
_aDELHI
_c2009
300 _a1-593
650 _aDERMATOLOGY
942 _2ddc
_cBK
999 _c508
_d508